| 000 | 011450000a22003010004500 | ||
|---|---|---|---|
| 003 | EG-GICUC | ||
| 005 | 20250223032951.0 | ||
| 008 | 070414s2003 ua a f m 000 0 Eng d | ||
| 040 |
_aEG-GICUC _beng _cEG-GICUC |
||
| 041 | 0 | _aEng | |
| 049 | _aDeposite | ||
| 097 | _aM.Sc | ||
| 099 | _aCai01.13.04.M.Sc.2003.Mo.U | ||
| 100 | 0 | _aMohamed Ismail Khalifa Elsaidy | |
| 245 | 1 | 0 |
_aUtilization of bypass dust within the cement factory / _cMohamed Ismail Khalifa Elsaidy ; Supervised Magdi F.Abadir , Iman A.Ibrahim |
| 246 | 1 | 5 | _aاستخدام تراب البى باص داخل مصنع الاسمنت |
| 260 |
_aCairo : _bMohamed Ismail Khalifa Elsaidy , _c2003 |
||
| 300 |
_a117P : _bill ; _c30cm |
||
| 502 | _aThesis (M.Sc.) - Cairo University - Faculty Of Engineering - Department Of Chemical Engineering | ||
| 530 | _aIssued also as CD | ||
| 653 | 4 | _aUtilization of bypass dust within the cement factory | |
| 700 | 0 |
_aIman Abrahim Ibrahim , _eSupervisor |
|
| 700 | 0 |
_aMagdi Foaad Abadir , _eSupervisor |
|
| 856 | _uhttp://172.23.153.220/th.pdf | ||
| 905 |
_aEsam _eRevisor |
||
| 905 |
_aNazla _eCataloger |
||
| 942 |
_2ddc _cTH |
||
| 999 |
_c85256 _d85256 |
||